Countries 5 or Less Letters Long - Statistics

General Stats
  • This quiz has been taken 2,505 times
    2,426 since last reset
  • The average score is 29 of 34
Answer Stats
Hint Answer % Correct
Peru
95%
South America Chile
92%
North America Cuba
92%
Australia/Oceania Fiji
91%
Togo
90%
Chad
88%
Oman
88%
Spain
88%
Haiti
87%
Iran
87%
Iraq
87%
Mali
87%
Tonga
87%
Egypt
86%
Japan
86%
Laos
86%
Africa Benin
85%
Yemen
85%
Nauru
84%
Europe Italy
83%
Palau
83%
Samoa
83%
Asia China
82%
Ghana
79%
India
79%
Libya
79%
Malta
79%
Niger
78%
Qatar
78%
Kenya
77%
Nepal
76%
Sudan
76%
Gabon
74%
Syria
74%
No matching quizzes found
Score Distribution
Percent of People with Each Score
Percentile by Number Answered
Your Score History
You have not taken this quiz since the last reset